| 000 | 00368cam a2200145ua 4500 | ||
|---|---|---|---|
| 003 | OSt | ||
| 008 | 250802b |||||||| |||| 00| 0 eng d | ||
| 041 | _aeng | ||
| 082 |
_a624.2 _bSHA/BR |
||
| 100 |
_aShahane, Alexander. _97652 |
||
| 245 | _aBridges in questions and answers / | ||
| 260 |
_aBombay : _bEngineering Book Co. , _c1953. |
||
| 300 | _a176 ; . | ||
| 942 | _cBK | ||
| 999 |
_c3119 _d3119 |
||